Deuteronomy 1-11 : (Record no. 6765)
[ view plain ]
| 000 -LEADER | |
|---|---|
| fixed length control field | 00671cam a2200193 a 4500 |
| 001 - CONTROL NUMBER | |
| control field | 581238 |
| 005 - DATE AND TIME OF LATEST TRANSACTION | |
| control field | 20250628132249.0 |
| 008 - FIXED-LENGTH DATA ELEMENTS--GENERAL INFORMATION | |
| fixed length control field | 900201s1991 nyua b 000 0 eng |
| 020 ## - INTERNATIONAL STANDARD BOOK NUMBER | |
| International Standard Book Number | 0385175930 : |
| Terms of availability | $34.00 ($42.00 Can.) |
| 050 00 - LIBRARY OF CONGRESS CALL NUMBER | |
| Classification number | BS192.2.A1 1964 |
| Item number | .G3 vol. 5 |
| Classification number | BS1273 |
| 082 00 - DEWEY DECIMAL CLASSIFICATION NUMBER | |
| Classification number | 222/.15077 |
| Edition information | 20 |
| 245 10 - TITLE STATEMENT | |
| Title | Deuteronomy 1-11 : |
| Remainder of title | a new translation with introduction and commentary / |
| Statement of responsibility, etc. | Moshe Weinfeld. |
| 250 ## - EDITION STATEMENT | |
| Edition statement | 1st ed. |
| 260 ## - PUBLICATION, DISTRIBUTION, ETC. | |
| Place of publication, distribution, etc. | New York : |
| Name of publisher, distributor, etc. | Doubleday, |
| Date of publication, distribution, etc. | 1991. |
| 300 ## - PHYSICAL DESCRIPTION | |
| Extent | xiv, 457 p. : |
| Other physical details | ill. ; |
| Dimensions | 24 cm. |
| 700 1# - ADDED ENTRY--PERSONAL NAME | |
| Personal name | Weinfeld, Moshe. |
| 856 42 - ELECTRONIC LOCATION AND ACCESS | |
| Materials specified | Publisher description |
| Uniform Resource Identifier | <a href="http://www.loc.gov/catdir/description/random043/90031508.html">http://www.loc.gov/catdir/description/random043/90031508.html</a> |
| 942 ## - ADDED ENTRY ELEMENTS (KOHA) | |
| Source of classification or shelving scheme | Library of Congress Classification |
| Koha item type | Books |
| Suppress in OPAC | No |
| 999 ## - | |
| -- | 6765 |
| -- | 6765 |
| Withdrawn status | Lost status | Source of classification or shelving scheme | Damaged status | Not for loan | Collection | Home library | Current library | Shelving location | Date acquired | Total checkouts | Full call number | Barcode | Date last seen | Copy number | Price effective from | Koha item type |
|---|---|---|---|---|---|---|---|---|---|---|---|---|---|---|---|---|
| Library of Congress Classification | Non-fiction | Undergraduate Library (Christ Temple) | Undergraduate Library (Christ Temple) | General stacks | 06/28/2025 | BS1265.3 WEN | ulct00003621 | 06/28/2025 | 1 | 06/07/2025 | Books |